000 00731nam a2200265 a 4500
999 _c11460
_d11460
001 11460
003 BD-JhCC
005 20190924083306.0
008 190924s2014 ii a|||| |||| 000 0 eng d
020 _a9789332535930
035 _a(BD-JhCC)11460
040 _aBD-JhCC
_dBD-JhCC
041 _aeng
082 _a005.1
_bGRA 2014
100 _aGrant, Kevin
245 _aBeginning Android programming /
_cKevin Grant and Chris Haseman
260 _aNew Delhi :
_bPearson,
_c©2014.
300 _axv, 256 p. :
_bill. ;
_c23 cm.
504 _aIncludes index
650 _aApplication software -- Development.
650 _aComputer programming
650 _aMobile computing
700 _aHaseman, Chris
942 _2ddc
_cBK